[Event "SVK-ch U16"]
[Site "Tatralandia"]
[Date "2015.04.21"]
[Round "5"]
[White "Lintner, Igor"]
[Black "Milany, Levente"]
[Result "1-0"]
[WhiteElo "2089"]
[BlackElo "1643"]
[PlyCount "79"]
[EventDate "2015.04.18"]
[EventType "swiss"]
[EventRounds "9"]
[EventCountry "SVK"]
[SourceTitle "CBM 166 Extra"]
[Source "ChessBase"]
[SourceDate "2015.06.18"]
[SourceVersion "1"]
[SourceVersionDate "2015.06.18"]
[SourceQuality "1"]

1. e4 e5 2. Nf3 Nc6 3. d4 exd4 4. Bc4 Nf6 5. e5 d5 6. Bb5 Nd7 7. 0-0 Be7 8. Bf4 0-0 9. Bxc6 bxc6 10. Nxd4 Bb7 11. Qg4 Kh8 12. Nd2 c5 13. Nf5 g6 14. Nxe7 Qxe7 15. Rfe1 Rae8 16. Bh6 Rg8 17. f4 Bc8 18. Qf3 Nf8 19. Bg5 Qe6 20. Bf6+ Rg7 21. Kh1 Nd7 22. Bxg7+ Kxg7 23. g4 Qb6 24. Qb3 Qc6 25. Kg1 c4 26. Qg3 Qb6+ 27. Qf2 Qxb2 28. Nf3 c5 29. Qd2 Nb6 30. f5 gxf5 31. Qg5+ Kf8 32. gxf5 Qxc2 33. Nh4 Qd3 34. Qh6+ Kg8 35. f6 Qd4+ 36. Kh1 Qg4 37. Rg1 Kh8 38. Rxg4 Rg8 39. Rxg8+ Kxg8 40. Qg7# 1-0

[Event "SVK-ch U16"]
[Site "Tatralandia"]
[Date "2015.04.20"]
[Round "4"]
[White "Milany, Levente"]
[Black "Karas, Marek"]
[Result "1-0"]
[WhiteElo "1643"]
[BlackElo "2291"]
[PlyCount "55"]
[EventDate "2015.04.18"]
[EventType "swiss"]
[EventRounds "9"]
[EventCountry "SVK"]
[SourceTitle "CBM 166 Extra"]
[Source "ChessBase"]
[SourceDate "2015.06.18"]
[SourceVersion "1"]
[SourceVersionDate "2015.06.18"]
[SourceQuality "1"]

1. e4 c5 2. c3 Nc6 3. d4 cxd4 4. cxd4 d5 5. e5 Bf5 6. Nc3 e6 7. Nf3 f6 8. Bb5 a6 9. Bxc6+ bxc6 10. Nh4 fxe5 11. Nxf5 exf5 12. dxe5 d4 13. Ne2 Qa5+ 14. Bd2 Qxe5 15. 0-0 Bc5 16. Re1 Ne7 17. Nf4 Qf6 18. Re6 Qh4 19. g3 Qg4 20. f3 d3+ 21. Kg2 Qg5 22. h4 Qf6 23. Rxf6 gxf6 24. Nxd3 Bb6 25. Qb3 Rb8 26. Bf4 Rb7 27. a4 a5 28. Nc5 1-0

[Event "SVK-ch U14"]
[Site "Stara Lubovna"]
[Date "2014.04.09"]
[Round "6"]
[White "Pechac, Jergus"]
[Black "Milany, Levente"]
[Result "1-0"]
[WhiteElo "2249"]
[BlackElo "1401"]
[PlyCount "45"]
[EventDate "2014.04.05"]
[EventType "swiss"]
[EventRounds "9"]
[EventCountry "SVK"]
[SourceTitle "EXT 2016"]
[Source "ChessBase"]
[SourceDate "2015.10.08"]
[SourceVersion "1"]
[SourceVersionDate "2015.10.08"]
[SourceQuality "1"]

1. e4 e5 2. f4 d6 3. Nf3 Nc6 4. Bc4 f5 5. Nc3 g6 6. d4 Bg7 7. dxe5 dxe5 8. Qxd8+ Kxd8 9. fxe5 Bxe5 10. Bg5+ Ke8 11. 0-0-0 h6 12. Nxe5 hxg5 13. Nxg6 Rh6 14. exf5 Bxf5 15. Rhe1+ Nge7 16. Nxe7 Nxe7 17. Nd5 Kf8 18. Nxe7 Be6 19. Bxe6 Kxe7 20. Rd7+ Kf6 21. Bg4 Re8 22. Rxe8 Rh7 23. Re6# 1-0

[Event "SVK-ch U14"]
[Site "Lubovna"]
[Date "2013.04.08"]
[Round "3"]
[White "Milany, Levente"]
[Black "Lintner, Igor"]
[Result "0-1"]
[WhiteElo "1288"]
[BlackElo "1683"]
[PlyCount "138"]
[EventDate "2013.04.06"]
[EventType "swiss"]
[EventRounds "9"]
[EventCountry "SVK"]
[SourceTitle "CBM 153 Extra"]
[Source "ChessBase"]
[SourceDate "2013.04.22"]
[SourceVersion "1"]
[SourceVersionDate "2013.04.22"]
[SourceQuality "1"]

1. e4 c5 2. Nf3 Nc6 3. d4 cxd4 4. Nxd4 g6 5. Bf4 Bg7 6. Nb5 d6 7. N1c3 a6 8. Na3 b5 9. Nab1 b4 10. Na4 Bd7 11. c3 Qa5 12. cxb4 Qxb4+ 13. Nbc3 Rc8 14. Bd2 Nf6 15. a3 Qb7 16. Rb1 Nd4 17. Bd3 Nb3 18. 0-0 0-0 19. Qe2 Nxd2 20. Qxd2 Qa7 21. Qe2 Bg4 22. Qc2 Nd7 23. h3 Be6 24. Qe2 Ra8 25. Kh1 Ne5 26. Bc2 Bc4 27. Qd2 Bxf1 28. Rxf1 Nc4 29. Qe2 Nxb2 30. Nd5 Nxa4 31. Bxa4 e6 32. Nf4 Rab8 33. Nd3 a5 34. Rg1 Rfc8 35. g4 Qd4 36. Bc2 Rc4 37. f3 Rbc8 38. Bb1 Bh6 39. h4 Bc1 40. a4 Ba3 41. Qd2 Rc1 42. Qxc1 Bxc1 43. Nxc1 Qe3 44. Nd3 Qxf3+ 45. Kh2 Rc3 46. Rg3 Qe2+ 47. Rg2 Qxe4 48. h5 Rxd3 49. Bxd3 Qxd3 50. hxg6 hxg6 51. g5 Qe4 52. Kg1 Qxg2+ 53. Kxg2 d5 54. Kf3 e5 55. Ke3 f5 56. gxf6 Kf7 57. Kf3 Kxf6 58. Ke3 Kf5 59. Kd3 g5 60. Kd2 Ke4 61. Ke2 d4 62. Kd2 d3 63. Ke1 Ke3 64. Kf1 d2 65. Kg2 d1Q 66. Kg3 Qf3+ 67. Kh2 Qg4 68. Kh1 Kf2 69. Kh2 Qh4# 0-1

[Event "SVK-ch U14"]
[Site "Lubovna"]
[Date "2013.04.06"]
[Round "1"]
[White "Milany, Levente"]
[Black "Molnar, Viktor"]
[Result "0-1"]
[WhiteElo "1288"]
[BlackElo "1843"]
[PlyCount "116"]
[EventDate "2013.04.06"]
[EventType "swiss"]
[EventRounds "9"]
[EventCountry "SVK"]
[SourceTitle "CBM 153 Extra"]
[Source "ChessBase"]
[SourceDate "2013.04.22"]
[SourceVersion "1"]
[SourceVersionDate "2013.04.22"]
[SourceQuality "1"]

1. e4 c5 2. Nf3 e6 3. Nc3 a6 4. d4 cxd4 5. Nxd4 Bb4 6. Bd2 d6 7. a3 Bc5 8. Be3 Nf6 9. Bg5 h6 10. Bh4 0-0 11. f4 Nbd7 12. Nf3 Qc7 13. Bxf6 Nxf6 14. Bd3 Ng4 15. Qe2 Bf2+ 16. Kd1 Bc5 17. Ke1 f5 18. h3 Nf6 19. e5 Nh5 20. Qd2 Ng3 21. Rh2 dxe5 22. fxe5 f4 23. Ne2 Be3 24. Qd1 Qb6 25. Nxg3 Bf2+ 26. Kf1 Bxg3 27. Qe2 Bxh2 28. Nxh2 Qe3 29. Ng4 Qxe2+ 30. Kxe2 Bd7 31. Bc4 Bb5 32. Bxb5 axb5 33. Rd1 Rfd8 34. Rd6 Rxd6 35. exd6 Rd8 36. Kf3 Rxd6 37. Kxf4 Rd2 38. Ne3 Kf7 39. Ke4 h5 40. Kf4 Kf6 41. Kf3 g5 42. Ke4 Re2 43. Kd3 Rf2 44. Ke4 Rf4+ 45. Kd3 Ke5 46. b3 Rd4+ 47. Ke2 Kf4 48. Nf1 h4 49. Nd2 Rxd2+ 50. Kxd2 Kg3 51. c4 Kxg2 52. cxb5 g4 53. a4 gxh3 54. a5 h2 55. a6 bxa6 56. bxa6 h1Q 57. a7 Qa1 58. a8Q+ Qxa8 0-1